[Event "Rated Blitz game"]
[Site "?"]
[Date "2021.06.22"]
[Round "?"]
[White "nunak2"]
[Black "Dzon_Vejn"]
[Result "0-1"]
[WhiteElo "2341"]
[BlackElo "2484"]
[PlyCount "86"]
[EventDate "2021.??.??"]
[EventType "blitz"]

1. e4 e5 2. Nf3 d5 3. exd5 e4 4. Qe2 Nf6 5. d3 Qxd5 6. dxe4 Qxe4 7. Nc3 Qxe2+
8. Bxe2 Bf5 9. Bg5 Nbd7 10. O-O-O O-O-O 11. Bc4 Bg6 12. Rhe1 h6 13. Bh4 Bb4 14.
Ne5 Nxe5 15. Rxe5 Bxc3 16. Rxd8+ Kxd8 17. bxc3 Re8 18. f4 Kd7 19. Bxf6 gxf6 20.
Rxe8 Kxe8 21. Kd2 Be4 22. g3 Ke7 23. Bd3 Bd5 24. c4 Be6 25. Ke3 c5 26. a3 Bg4
27. c3 Bd1 28. Be4 b6 29. Bd5 Ba4 30. Ke4 Bd7 31. f5 Bc8 32. Kf4 Bd7 33. Kg4
Kf8 34. Kh5 Kg7 35. g4 Be8 36. h4 Bd7 37. g5 hxg5 38. hxg5 Bxf5 39. Kh4 Be6 40.
Bxe6 fxe6 41. Kg4 f5+ 42. Kf4 Kg6 43. Ke5 Kxg5 {Normal} 0-1

[Event "Rated Blitz game"]
[Site "?"]
[Date "2021.06.22"]
[Round "?"]
[White "nrm18"]
[Black "pasha1984"]
[Result "1-0"]
[WhiteElo "2410"]
[BlackElo "2429"]
[PlyCount "43"]
[EventDate "2021.??.??"]
[EventType "blitz"]

1. e4 e5 2. Nf3 d5 3. Nxe5 dxe4 4. d4 Bd6 5. Nc4 Nc6 6. c3 Nf6 7. Ne3 O-O 8.
Be2 h6 9. O-O Ne7 10. f3 Ng6 11. fxe4 Nxe4 12. Bd3 f5 13. Nc4 Qh4 14. Nxd6 Nxd6
15. Nd2 Bd7 16. Nf3 Qh5 17. Be2 f4 18. Ne5 Qg5 19. Nxd7 Nh4 20. g3 Ng6 21. Nxf8
Rxf8 22. Bd3 {Normal} 1-0

[Event "Rated Blitz game"]
[Site "?"]
[Date "2021.06.22"]
[Round "?"]
[White "Landau96"]
[Black "pasha1984"]
[Result "0-1"]
[WhiteElo "2382"]
[BlackElo "2401"]
[PlyCount "46"]
[EventDate "2021.??.??"]
[EventType "blitz"]

1. e4 e5 2. Nf3 d5 3. Nxe5 dxe4 4. d4 Bd6 5. Nc4 Nc6 6. Nc3 Nf6 7. Bg5 Bb4 8.
a3 Be7 9. Be2 Qxd4 10. Qxd4 Nxd4 11. O-O-O Nxe2+ 12. Nxe2 Bg4 13. Rhe1 O-O 14.
h3 Be6 15. Nd2 Bd5 16. Nc3 Bc6 17. Bxf6 Bxf6 18. Ncxe4 Bd4 19. Nf3 Bb6 20. Ne5
Bxe4 21. Rxe4 Bxf2 22. Rd7 Bb6 23. Rf4 Be3+ {Normal} 0-1

[Event "Rated Blitz game"]
[Site "?"]
[Date "2021.06.22"]
[Round "?"]
[White "IDantesI"]
[Black "Dzon_Vejn"]
[Result "1-0"]
[WhiteElo "2419"]
[BlackElo "2488"]
[PlyCount "251"]
[EventDate "2021.??.??"]
[EventType "blitz"]

1. e4 e5 2. Nf3 d5 3. Nxe5 Bd6 4. d4 dxe4 5. Nc4 Be7 6. Be3 Nf6 7. Ne5 O-O 8.
Be2 Nbd7 9. Nc3 Nb6 10. O-O Bf5 11. f3 exf3 12. Bxf3 c6 13. Qe2 Bg6 14. Rad1
Nbd5 15. Nxd5 Nxd5 16. Bc1 Bg5 17. c4 Bxc1 18. cxd5 Bg5 19. dxc6 bxc6 20. Nxc6
Qd6 21. Ne5 Rad8 22. Nxg6 hxg6 23. d5 Bf6 24. b3 Rfe8 25. Qd3 a5 26. Rfe1 Kf8
27. Qc4 Qb4 28. Qxb4+ axb4 29. Rxe8+ Kxe8 30. Kf2 Kd7 31. Rc1 Ra8 32. Rc2 Ra6
33. Ke3 Kd6 34. Rc6+ Rxc6 35. dxc6 Bc3 36. Kd3 Be1 37. Kc4 f6 38. Be4 g5 39. g4
Bd2 40. Kb5 Kc7 41. h3 Be1 42. Bf5 Bd2 43. Bd7 Be1 44. Kc5 Bc3 45. Kd5 Bb2 46.
Ke6 Bc3 47. Kf7 Kd8 48. Kxg7 f5+ 49. Kg6 fxg4 50. hxg4 Bd2 51. Kf6 Kc7 52. Ke7
Bc3 53. Be8 Bd2 54. Bd7 Bf4 55. Ke6 Bd2 56. Kd5 Bc3 57. Ke4 Be1 58. Ke3 Bc3 59.
Kd3 Be1 60. Kc4 Bd2 61. Kb5 Be1 62. Ka4 Bd2 63. a3 bxa3 64. Kxa3 Kb6 65. Ka4
Kc7 66. Kb5 Be3 67. b4 Bb6 68. Kc4 Be3 69. Kd3 Bb6 70. b5 Bg1 71. Be8 Bb6 72.
Bg6 Kd6 73. Bf5 Kc7 74. Bd7 Kd6 75. Ke4 Kc7 76. Ke5 Be3 77. Kf5 Bf4 78. Ke4 Bd2
79. Kd3 Ba5 80. Kc2 Bb6 81. Kb3 Ba7 82. Ka4 Bb6 83. Kb4 Be3 84. Ka5 Bb6+ 85.
Ka6 Be3 86. Be8 Bd4 87. Bg6 Bb6 88. Bf5 Bc5 89. Bd7 Bb6 90. Be8 Bc5 91. Ka5
Bb6+ 92. Kb4 Bd4 93. Kc4 Bb6 94. Bd7 Kd8 95. Kd5 Kc7 96. Ke6 Be3 97. Be8 Bf4
98. Bd7 Be3 99. Kf5 Bf4 100. Ke4 Bd2 101. Kd3 Ba5 102. Kc4 Bb6 103. Kd5 Ba7
104. Ke6 Bb6 105. Kf7 Bc5 106. Kg6 Bb6 107. Kxg5 Be3+ 108. Kf5 Bc5 109. g5 Bd4
110. g6 Kb6 111. Ke6 Kxb5 112. Kf7 Kb6 113. g7 Bxg7 114. Kxg7 Kc7 115. Kf7 Kd8
116. Ke6 Kc7 117. Kd5 Kb8 118. Kc5 Kc7 119. Kb5 Kb8 120. Kb6 Ka8 121. Kc5 Kb8
122. Kd6 Ka7 123. c7 Kb7 124. c8=Q+ Kb6 125. Qc6+ Ka5 126. Qb5# {Normal} 1-0

[Event "Rated Blitz game"]
[Site "?"]
[Date "2021.06.22"]
[Round "?"]
[White "Dmitry_Morozov"]
[Black "batasjon"]
[Result "1/2-1/2"]
[WhiteElo "2564"]
[BlackElo "2427"]
[PlyCount "117"]
[EventDate "2021.??.??"]
[EventType "blitz"]

1. e4 e5 2. Nf3 d5 3. exd5 e4 4. Qe2 Nf6 5. Nc3 Be7 6. Nxe4 O-O 7. d3 Re8 8.
Qd1 Qxd5 9. Nxf6+ Bxf6+ 10. Be2 c5 11. O-O b6 12. Nd2 Bb7 13. Bf3 Qd7 14. Bxb7
Qxb7 15. Ne4 Qc6 16. Qf3 Bd4 17. c3 Be5 18. Bg5 Re6 19. Nd2 h6 20. Bh4 Nd7 21.
Rfe1 g5 22. Bg3 Bg7 23. Rxe6 Qxf3 24. Nxf3 fxe6 25. Kf1 Rd8 26. a4 Nf6 27. Ke2
Nd5 28. a5 b5 29. a6 b4 30. d4 bxc3 31. bxc3 Nxc3+ 32. Kd3 cxd4 33. Re1 Kf7 34.
Be5 Bxe5 35. Nxe5+ Kf6 36. Nc6 Rd6 37. Nxa7 Rxa6 38. Kxd4 Nd5 39. Nb5 Ra3 40.
Nd6 Nf4 41. g3 Ra4+ 42. Kc3 Ng6 43. Ne4+ Kf5 44. Nd6+ Kg4 45. Re4+ Rxe4 46.
Nxe4 Kf3 47. Kd4 Kg2 48. h4 Nxh4 49. gxh4 gxh4 50. Ke3 h3 51. f4 Kf1 52. Kf3 h2
53. Nf2 h5 54. Kg3 Kg1 55. Nh1 Kxh1 56. Kf2 h4 57. Kf1 h3 58. Kf2 e5 59. fxe5 {
Normal} 1/2-1/2

[Event "Rated Blitz game"]
[Site "?"]
[Date "2021.06.22"]
[Round "?"]
[White "RangyAngularity"]
[Black "annaly1979"]
[Result "0-1"]
[WhiteElo "2441"]
[BlackElo "2443"]
[PlyCount "50"]
[EventDate "2021.??.??"]
[EventType "blitz"]

1. e4 e5 2. Nf3 d5 3. Nxe5 Qe7 4. d4 f6 5. Ng4 Nc6 6. e5 Bxg4 7. Qxg4 fxe5 8.
dxe5 Nxe5 9. Qe2 Nf6 10. Bg5 c6 11. Nd2 O-O-O 12. O-O-O Neg4 13. Qf3 h6 14. Bh4
Ne5 15. Qf5+ Kb8 16. Bg3 Nfd7 17. Nf3 Qf6 18. Bd3 Bd6 19. Rhe1 Nxd3+ 20. Qxd3
Bxg3 21. fxg3 Nc5 22. Qa3 Ne4 23. Rf1 Rhe8 24. Kb1 a6 25. Nd4 Nd2+ {Normal} 0-1

[Event "Rated Blitz game"]
[Site "?"]
[Date "2021.06.22"]
[Round "?"]
[White "tstopenings"]
[Black "CreepyMovez"]
[Result "1-0"]
[WhiteElo "2472"]
[BlackElo "2352"]
[PlyCount "35"]
[EventDate "2021.??.??"]
[EventType "blitz"]

1. e4 e5 2. Nf3 d5 3. exd5 e4 4. Qe2 Nf6 5. d3 Bd6 6. dxe4 O-O 7. Nbd2 Re8 8.
Qc4 Nbd7 9. Bd3 a6 10. a4 b5 11. Qc6 Rb8 12. axb5 Rb6 13. Qc3 axb5 14. O-O b4
15. Qd4 Bc5 16. Qc4 Qe7 17. e5 Nh5 18. Ne4 {Normal} 1-0

[Event "Rated Blitz game"]
[Site "?"]
[Date "2021.06.22"]
[Round "?"]
[White "BoomerAangie"]
[Black "annaly1979"]
[Result "1/2-1/2"]
[WhiteElo "2607"]
[BlackElo "2432"]
[PlyCount "96"]
[EventDate "2021.??.??"]
[EventType "blitz"]

1. e4 e5 2. Nf3 d5 3. Nxe5 Qe7 4. d4 f6 5. Nf3 dxe4 6. Nfd2 f5 7. Bc4 Nf6 8.
O-O Nc6 9. f3 e3 10. Nb3 f4 11. Nc3 a6 12. Re1 Be6 13. Bxe6 Qxe6 14. d5 Nxd5
15. Qxd5 Qxd5 16. Nxd5 Bd6 17. Nxf4 Bxf4 18. Bxe3 Bxe3+ 19. Rxe3+ Kf7 20. Nc5
b6 21. Ne4 h6 22. Rc3 Nd4 23. Rxc7+ Kg6 24. Rd1 Rhd8 25. Kf2 Nb5 26. Rxd8 Rxd8
27. Rc6+ Kh7 28. Rxb6 Rd1 29. a4 Nd4 30. c3 Nf5 31. Rxa6 Rb1 32. Rb6 Rc1 33.
Ke2 Rc2+ 34. Kd3 Rxg2 35. a5 Rg1 36. a6 Ra1 37. b4 Nh4 38. Ke3 Nf5+ 39. Kf4 Ne7
40. Rb7 Nd5+ 41. Ke5 Ne3 42. Nf6+ Kg6 43. Rb8 gxf6+ 44. Ke4 Nd1 45. b5 Nxc3+
46. Kf4 Nxb5 47. Rxb5 Rxa6 48. h4 h5 {Normal} 1/2-1/2

[Event "Rated Blitz game"]
[Site "?"]
[Date "2021.06.22"]
[Round "?"]
[White "Vnebo"]
[Black "Fantastic_power06"]
[Result "0-1"]
[WhiteElo "2731"]
[BlackElo "2679"]
[PlyCount "72"]
[EventDate "2021.??.??"]
[EventType "blitz"]

1. e4 e5 2. Nf3 d5 3. exd5 e4 4. Qe2 Nf6 5. Nc3 Be7 6. Nxe4 O-O 7. Nxf6+ Bxf6
8. Qd1 Qxd5 9. Be2 c5 10. d3 Nc6 11. O-O Bg4 12. c3 Rfe8 13. Be3 Rad8 14. h3
Bh5 15. Re1 h6 16. Qb3 Qxb3 17. axb3 Bg6 18. Bxc5 b6 19. Be3 Bxd3 20. Bxd3 Rxd3
21. b4 Red8 22. b5 Na5 23. Bd4 Rd5 24. Re8+ Kh7 25. Bxf6 gxf6 26. Re7 Rxb5 27.
b4 Nc6 28. Rxf7+ Kg6 29. Rc7 Rxc3 30. Nh4+ Kh5 31. g3 Rxb4 32. Rd1 Rd4 33. Re1
Rc5 34. Kg2 Ne5 35. Rg7 Rxh4 36. g4+ Nxg4 {Normal} 0-1

[Event "Rated Blitz game"]
[Site "?"]
[Date "2021.06.22"]
[Round "?"]
[White "Stapfenoder"]
[Black "jflup"]
[Result "1/2-1/2"]
[WhiteElo "2518"]
[BlackElo "2512"]
[PlyCount "125"]
[EventDate "2021.??.??"]
[EventType "blitz"]

1. e4 e5 2. Nf3 d5 3. d3 dxe4 4. dxe4 Qxd1+ 5. Kxd1 f6 6. Bc4 Bg4 7. h3 Bh5 8.
Be3 Nc6 9. c3 Nge7 10. Nbd2 Nc8 11. g4 Bf7 12. Bxf7+ Kxf7 13. Kc2 Nb6 14. h4
Be7 15. g5 Ke6 16. gxf6 gxf6 17. h5 Rhg8 18. Rhg1 Nd7 19. b4 a5 20. b5 Rxg1 21.
Rxg1 Na7 22. a4 b6 23. Nh4 Rh8 24. Nf5 Nc8 25. Nc4 Bf8 26. f3 Ne7 27. Ng7+ Bxg7
28. Rxg7 Nf8 29. Bh6 Nd7 30. Ne3 Nc5 31. Nd5 Nxd5 32. exd5+ Kxd5 33. Rxc7 Nxa4
34. Rc6 f5 35. Bg7 Re8 36. h6 e4 37. fxe4+ fxe4 38. Bd4 Re6 39. Rc7 Rxh6 40.
Rd7+ Kc4 41. Re7 Rh2+ 42. Kd1 Kd3 43. Ke1 h5 44. Rd7 Kc2 45. Be5 Rg2 46. Rh7
Nxc3 47. Bxc3 Kxc3 48. Rxh5 e3 49. Rh8 a4 50. Rc8+ Kb3 51. Rd8 a3 52. Kf1 Rc2
53. Ra8 Rc1+ 54. Ke2 a2 55. Kxe3 a1=Q 56. Rxa1 Rxa1 57. Kd4 Kb4 58. Kd5 Kxb5
59. Kd6 Rc1 60. Kd7 Ka5 61. Ke8 b5 62. Kf8 b4 63. Kg8 {Time forfeit} 1/2-1/2

[Event "Rated Blitz game"]
[Site "?"]
[Date "2021.06.22"]
[Round "?"]
[White "Ahmed-abdelsattar"]
[Black "blastol"]
[Result "1-0"]
[WhiteElo "2495"]
[BlackElo "2396"]
[PlyCount "59"]
[EventDate "2021.??.??"]
[EventType "blitz"]

1. e4 e5 2. Nf3 d5 3. Nxe5 Bd6 4. d4 dxe4 5. Nc4 Nf6 6. Bg5 h6 7. Bxf6 Qxf6 8.
Nxd6+ Qxd6 9. Nc3 O-O 10. Bc4 Qb4 11. Bb3 Nc6 12. d5 Na5 13. O-O Nxb3 14. axb3
f5 15. Ra4 Qb6 16. Rd4 Bd7 17. d6 c5 18. Rd5 Rf6 19. Qd2 Bc6 20. Re5 Rd8 21.
Rd1 Rd7 22. Qf4 g5 23. Qg3 Qd8 24. h4 Rfxd6 25. Rxd6 Rxd6 26. Rxf5 Rg6 27. hxg5
Rxg5 28. Rxg5+ hxg5 29. Qe5 b6 30. Qe6+ {Normal} 1-0

[Event "Rated Blitz tournament 3cjC50eS"]
[Site "?"]
[Date "2021.06.22"]
[Round "?"]
[White "Hungz"]
[Black "cuerosky"]
[Result "1-0"]
[WhiteElo "2461"]
[BlackElo "2319"]
[PlyCount "43"]
[EventDate "2021.??.??"]
[EventType "blitz"]

1. e4 e5 2. Nf3 d5 3. Bc4 dxc4 4. Qe2 Be6 5. O-O Nc6 6. Rd1 Nd4 7. Nxd4 exd4 8.
b3 cxb3 9. axb3 Nf6 10. Qb5+ Qd7 11. Qxb7 Rc8 12. Rxa7 Bc5 13. Ra5 Bb6 14. Rg5
O-O 15. d3 h6 16. Rg3 Ra8 17. e5 Bd5 18. exf6 Bxb7 19. Rxg7+ Kh8 20. Bxh6 Qg4
21. Rxg4 Ra1 22. Bxf8 {Normal} 1-0

[Event "Rated Blitz game"]
[Site "?"]
[Date "2021.06.22"]
[Round "?"]
[White "Kolian222"]
[Black "annaly1979"]
[Result "1-0"]
[WhiteElo "2481"]
[BlackElo "2448"]
[PlyCount "103"]
[EventDate "2021.??.??"]
[EventType "blitz"]

1. e4 e5 2. Nf3 d5 3. exd5 e4 4. Qe2 f5 5. d3 Nf6 6. Nc3 Bb4 7. dxe4 Bxc3+ 8.
bxc3 fxe4 9. Nd4 O-O 10. c4 c5 11. Nb3 Bf5 12. Be3 Nbd7 13. Qd2 b6 14. Be2 a5
15. a4 Ne5 16. O-O Bg6 17. h3 Bh5 18. Bf4 Bxe2 19. Qxe2 Ng6 20. Bg3 Re8 21.
Rfd1 Qd7 22. Nd2 Qf5 23. Nf1 Nh5 24. Rab1 Nhf4 25. Qe3 Rab8 26. d6 h5 27. d7
Red8 28. Rd6 h4 29. Bh2 Qg5 30. Rxg6 Qxg6 31. Qxf4 Rb7 32. Ne3 Rdxd7 33. Qxh4
Rd2 34. Bg3 Rbd7 35. Kh2 Rf7 36. Nd5 Rxd5 37. cxd5 e3 38. fxe3 Qxc2 39. Rxb6
Rf8 40. d6 Qd1 41. Qe7 Rf1 42. Rb8+ Kh7 43. Qh4+ Kg6 44. Qg4+ Kh7 45. Qxd1 Rxd1
46. Rc8 Rd5 47. e4 Rd4 48. e5 c4 49. e6 c3 50. e7 c2 51. e8=Q Rd1 52. Qh5# {
Normal} 1-0

[Event "Rated Blitz game"]
[Site "?"]
[Date "2021.06.22"]
[Round "?"]
[White "VENADORECARGADO"]
[Black "Dzon_Vejn"]
[Result "1-0"]
[WhiteElo "2358"]
[BlackElo "2497"]
[PlyCount "113"]
[EventDate "2021.??.??"]
[EventType "blitz"]

1. e4 e5 2. Nf3 d5 3. Nxe5 Bd6 4. d4 dxe4 5. Nc4 Be7 6. Nc3 Nf6 7. Bg5 Bf5 8.
Ne5 O-O 9. Bc4 c6 10. Qd2 b5 11. Bb3 a5 12. a4 b4 13. Ne2 Nd5 14. Bxe7 Qxe7 15.
O-O-O Rd8 16. h4 f6 17. Nc4 Nd7 18. Ng3 Bg4 19. Rde1 f5 20. f3 f4 21. Nxe4 Bf5
22. g4 Bxe4 23. Rxe4 Qf8 24. Rhe1 Kh8 25. h5 h6 26. Re6 N7f6 27. Ne5 Kg8 28.
Rxc6 Rac8 29. Rxc8 Rxc8 30. Ng6 Qd6 31. Ne7+ Kh7 32. Nxc8 Qc7 33. Qd3+ Kg8 34.
Qf5 Kf8 35. Bxd5 b3 36. Bxb3 Qc6 37. Qc5+ Qxc5 38. dxc5 Nd7 39. c6 Nb8 40. c7
Na6 41. Re7 g6 42. Bc4 Nxc7 43. Rxc7 gxh5 44. gxh5 Ke8 45. Rc5 Kd7 46. Rxa5 Ke8
47. Rf5 Kd7 48. Rxf4 Ke8 49. Rf6 Kd7 50. Rxh6 Ke8 51. Rg6 Kd7 52. h6 Kc7 53. h7
Kb7 54. h8=Q Kc7 55. Qh7+ Kb8 56. Rg8 Ka8 57. Nd6# {Normal} 1-0

[Event "Rated Blitz game"]
[Site "?"]
[Date "2021.06.22"]
[Round "?"]
[White "satoshi1126"]
[Black "annaly1979"]
[Result "1-0"]
[WhiteElo "2496"]
[BlackElo "2441"]
[PlyCount "69"]
[EventDate "2021.??.??"]
[EventType "blitz"]

1. e4 e5 2. Nf3 d5 3. Nxe5 Qe7 4. d4 f6 5. Nd3 Nc6 6. Be3 dxe4 7. Nc5 f5 8. Bc4
Nf6 9. Nc3 a6 10. Qd2 Qd8 11. Ne6 Bxe6 12. Bxe6 g6 13. d5 Ne5 14. Qd4 Bd6 15.
O-O-O Qe7 16. Rhe1 h6 17. f4 Ned7 18. Qd2 b5 19. Bd4 Rf8 20. h3 h5 21. Ne2 Kd8
22. Kb1 Nc5 23. Bxc5 Bxc5 24. d6 Bxd6 25. Nd4 Ke8 26. Bb3 Kd7 27. Ne6 Rae8 28.
Qa5 Kc8 29. Qxa6+ Kb8 30. Qxb5+ Kc8 31. Qa6+ Kb8 32. Rd5 c6 33. Qxc6 Nxd5 34.
Bxd5 Bc7 35. Qb7# {Normal} 1-0

[Event "Rated Blitz game"]
[Site "?"]
[Date "2021.06.22"]
[Round "?"]
[White "M-K_2"]
[Black "Fantastic_power06"]
[Result "0-1"]
[WhiteElo "2507"]
[BlackElo "2676"]
[PlyCount "70"]
[EventDate "2021.??.??"]
[EventType "blitz"]

1. e4 e5 2. Nf3 d5 3. Nxe5 Bd6 4. d4 dxe4 5. Nc4 Nc6 6. Nc3 Bf5 7. d5 Nce7 8.
Qd4 Nf6 9. Bg5 Ng6 10. O-O-O O-O 11. Nxd6 cxd6 12. Bxf6 Qxf6 13. Nxe4 Bxe4 14.
Qxe4 Qxf2 15. Bd3 Rfe8 16. Qb4 Qf4+ 17. Qxf4 Nxf4 18. g3 Nh3 19. Rhf1 Re5 20.
c4 Rae8 21. Kc2 g6 22. Kc3 a5 23. Rd2 Kg7 24. a3 b6 25. b4 f5 26. bxa5 bxa5 27.
Rb1 Ng5 28. Rb7+ R8e7 29. Rxe7+ Rxe7 30. Rb2 Nf7 31. Rb6 Rc7 32. Kd4 Kf8 33.
Rb5 Ra7 34. c5 Ke7 35. c6 Ne5 {Time forfeit} 0-1

[Event "Rated Blitz game"]
[Site "?"]
[Date "2021.06.22"]
[Round "?"]
[White "qsmjigvnqemoigjmsoh"]
[Black "KamranShirazi"]
[Result "1-0"]
[WhiteElo "2625"]
[BlackElo "2538"]
[PlyCount "43"]
[EventDate "2021.??.??"]
[EventType "blitz"]

1. e4 e5 2. Nf3 d5 3. exd5 e4 4. Qe2 Nf6 5. Nc3 Be7 6. Nxe4 Nxd5 7. Qd1 O-O 8.
d3 Re8 9. Be2 f5 10. Nc3 Bb4 11. Bd2 Bxc3 12. bxc3 Qe7 13. c4 Nb4 14. O-O c5
15. Re1 N8c6 16. a3 Na6 17. Bc3 h6 18. Qd2 Be6 19. Bf1 Qd7 20. g3 Rad8 21. Bg2
Bxc4 22. dxc4 {Normal} 1-0

[Event "Rated Blitz game"]
[Site "?"]
[Date "2021.06.22"]
[Round "?"]
[White "uoylliki"]
[Black "ReinaldoR"]
[Result "0-1"]
[WhiteElo "2315"]
[BlackElo "2444"]
[PlyCount "99"]
[EventDate "2021.??.??"]
[EventType "blitz"]

1. e4 e5 2. Nf3 d5 3. d4 dxe4 4. Nxe5 Nd7 5. Nc4 Ngf6 6. Be2 b5 7. Ne3 a6 8. a4
b4 9. a5 g6 10. c4 Bg7 11. O-O O-O 12. Nd2 c5 13. Nb3 Qc7 14. dxc5 Nxc5 15.
Nxc5 Qxc5 16. Qb3 Be6 17. Bd2 Rab8 18. Ra4 Rfd8 19. Rxb4 Rbc8 20. Bc3 Qxa5 21.
Rb6 Qc5 22. Rxa6 Rb8 23. Qa3 Qxa3 24. Rxa3 Nd7 25. Bxg7 Kxg7 26. b3 Nc5 27. Rb1
Rd2 28. Bf1 Nd3 29. Bxd3 Rxd3 30. c5 Rbxb3 31. Raxb3 Rxb3 32. Rc1 Rb7 33. Nc2
Rc7 34. Nd4 Bd5 35. Kf1 Kf6 36. Ke2 Ke5 37. Ke3 f5 38. f4+ exf3 39. gxf3 f4+
40. Kd3 Bb7 41. c6 Ba6+ 42. Kc3 Kd5 43. Ra1 Bc8 44. Ra5+ Kd6 45. h4 Ke7 46. Kb4
Be6 47. Kc5 Rc8 48. Nb5 Bd7 49. Ra7 Rxc6+ 50. Kd5 {Normal} 0-1

[Event "Rated Blitz game"]
[Site "?"]
[Date "2021.06.22"]
[Round "?"]
[White "opte17"]
[Black "annaly1979"]
[Result "0-1"]
[WhiteElo "2436"]
[BlackElo "2429"]
[PlyCount "58"]
[EventDate "2021.??.??"]
[EventType "blitz"]

1. e4 e5 2. Nf3 d5 3. d4 dxe4 4. Nxe5 Bd6 5. Qe2 Nf6 6. Nc3 O-O 7. Nxe4 Nxe4 8.
Qxe4 f6 9. Qd5+ Kh8 10. Nf7+ Rxf7 11. Qxf7 Nc6 12. c3 Bf5 13. Be3 Bg6 14. Qd5
Ne7 15. Qf3 Nf5 16. h4 Qe8 17. h5 Nxe3 18. fxe3 Be4 19. Qf2 h6 20. O-O-O Qa4
21. Bd3 Bxd3 22. Rxd3 Qxa2 23. Qc2 Re8 24. Rf1 b5 25. Rdd1 a5 26. e4 b4 27. c4
b3 28. Qc3 Bb4 29. Qf3 Qa1# {Normal} 0-1

[Event "Rated Blitz game"]
[Site "?"]
[Date "2021.06.22"]
[Round "?"]
[White "Tirion166"]
[Black "kamilgrosicky"]
[Result "1-0"]
[WhiteElo "2476"]
[BlackElo "2305"]
[PlyCount "115"]
[EventDate "2021.??.??"]
[EventType "blitz"]

1. e4 e5 2. Nf3 d5 3. exd5 e4 4. Qe2 Nf6 5. Nc3 Be7 6. Nxe4 O-O 7. d3 Qxd5 8.
Nc3 Bb4 9. Be3 Nc6 10. Qd2 Bxc3 11. Qxc3 Ng4 12. h3 Nxe3 13. fxe3 Qe6 14. Kf2
Re8 15. Qd2 Qf6 16. d4 Bf5 17. Bd3 Be4 18. Bxe4 Rxe4 19. Rhe1 Rae8 20. c3 h5
21. Re2 g5 22. Kg1 g4 23. Nh2 gxh3 24. gxh3 Kh7 25. Rf1 Qe6 26. Rf3 Rg8+ 27.
Rg2 Rxg2+ 28. Kxg2 Ne7 29. Nf1 Nf5 30. Ng3 Nh4+ 31. Kf2 Nxf3 32. Kxf3 Rh4 33.
Qd3+ Qg6 34. Qxg6+ fxg6 35. Kg2 Kg7 36. b4 Kf6 37. c4 g5 38. c5 Ke6 39. Ne2 g4
40. hxg4 Rxg4+ 41. Kf3 Rg8 42. Nf4+ Kf5 43. e4+ Kg5 44. Ne6+ Kf6 45. Nxc7 h4
46. Nd5+ Kf7 47. Nf4 Rg3+ 48. Kf2 Rc3 49. d5 h3 50. d6 Ke8 51. e5 Ra3 52. e6
Rxa2+ 53. Kg1 h2+ 54. Kh1 Rf2 55. Nd5 Rf3 56. Nc7+ Kd8 57. e7+ Kd7 58. e8=Q# {
Normal} 1-0

[Event "Rated Blitz game"]
[Site "?"]
[Date "2021.06.21"]
[Round "?"]
[White "alphanegative"]
[Black "annaly1979"]
[Result "1-0"]
[WhiteElo "2492"]
[BlackElo "2419"]
[PlyCount "115"]
[EventDate "2021.??.??"]
[EventType "blitz"]

1. e4 e5 2. Nf3 d5 3. Nxe5 Qe7 4. d4 f6 5. Nf3 dxe4 6. Nfd2 f5 7. Bc4 Nf6 8.
O-O Nc6 9. c3 Be6 10. b4 Qf7 11. Qb3 Bxc4 12. Nxc4 b5 13. Ne3 g6 14. Nd2 Bd6
15. Qxf7+ Kxf7 16. a4 a6 17. Nb3 f4 18. Nc2 Rhe8 19. Nc5 Bxc5 20. bxc5 g5 21.
Nb4 Nxb4 22. cxb4 Nd5 23. Bd2 Kg6 24. axb5 axb5 25. Ra5 Rxa5 26. bxa5 Ra8 27.
Ra1 Ra6 28. Kf1 c6 29. Ke2 Kf5 30. g3 h5 31. h4 e3 32. fxe3 fxg3 33. hxg5 h4
34. Rf1+ Kg6 35. Kf3 Ra8 36. Kg4 Re8 37. Kxh4 g2 38. Rg1 Re4+ 39. Kg3 Nxe3 40.
Kf3 Nf1 41. Kxe4 Nxd2+ 42. Ke3 Nc4+ 43. Kf4 Nxa5 44. Rxg2 Nb3 45. d5 Nxc5 46.
dxc6 b4 47. c7 Ne6+ 48. Ke5 Nxc7 49. Kf4 Nd5+ 50. Kg4 b3 51. Rb2 Ne3+ 52. Kh4
Nf5+ 53. Kg4 Ne3+ 54. Kf4 Nd5+ 55. Ke5 Nb4 56. Rxb3 Nd3+ 57. Rxd3 Kxg5 58. Rg3+
{Normal} 1-0

[Event "Rated Blitz game"]
[Site "?"]
[Date "2021.06.21"]
[Round "?"]
[White "bkara"]
[Black "Taabling"]
[Result "0-1"]
[WhiteElo "2533"]
[BlackElo "2481"]
[PlyCount "76"]
[EventDate "2021.??.??"]
[EventType "blitz"]

1. e4 e5 2. Nf3 d5 3. Nxe5 Bd6 4. d4 dxe4 5. Bc4 Bxe5 6. Qh5 Qe7 7. dxe5 Nc6 8.
Bg5 Qb4+ 9. Nd2 g6 10. Qh4 Bf5 11. O-O-O Nxe5 12. Bf6 Nxc4 13. Nxc4 Nxf6 14.
Qxf6 O-O 15. Ne3 Be6 16. Rd4 Qa5 17. a3 c5 18. Rxe4 Qd8 19. Qe5 Qb6 20. h4 h5
21. g4 Bxg4 22. Nxg4 hxg4 23. h5 Rae8 24. Qxe8 Rxe8 25. Rxe8+ Kg7 26. hxg6 Qxg6
27. Re5 Qf6 28. Reh5 Qxf2 29. Rg5+ Kf8 30. Rxg4 b6 31. b3 Qf3 32. Rgh4 Ke7 33.
Kb1 Kd6 34. Re1 b5 35. Ree4 a5 36. Rhf4 Qh3 37. a4 f5 38. Re3 Qxe3 {Normal} 0-1

[Event "Rated Blitz game"]
[Site "?"]
[Date "2021.06.21"]
[Round "?"]
[White "DefiantChair"]
[Black "JHuNYHoTANGc0"]
[Result "1-0"]
[WhiteElo "2404"]
[BlackElo "2309"]
[PlyCount "83"]
[EventDate "2021.??.??"]
[EventType "blitz"]

1. e4 e5 2. Nf3 d5 3. Nxe5 dxe4 4. d4 Bd6 5. Nc4 Nc6 6. Nxd6+ Qxd6 7. d5 Ne5 8.
Nc3 Nf6 9. Bg5 Bf5 10. Bb5+ Bd7 11. Bxd7+ Nexd7 12. O-O O-O-O 13. Bxf6 Nxf6 14.
Nxe4 Nxe4 15. Qg4+ Kb8 16. Qxe4 Qxd5 17. Qf4 f6 18. Rfe1 Qd2 19. Qg3 Rd7 20.
Rac1 Rhd8 21. h3 a6 22. Qg4 g5 23. Qf5 Rd6 24. Qxh7 Qb4 25. b3 Qa3 26. Qg6 Qxa2
27. Re8 Qb2 28. Rxd8+ Rxd8 29. Re1 Rd2 30. Qf5 Qxc2 31. Qxf6 Qxb3 32. Qxg5 Qd5
33. Re8+ Ka7 34. Qe3+ Qd4 35. Qxd4+ Rxd4 36. g4 a5 37. g5 a4 38. g6 Rd6 39. Rg8
a3 40. g7 a2 41. Ra8+ Kxa8 42. g8=Q+ {Normal} 1-0

[Event "Rated Blitz game"]
[Site "?"]
[Date "2021.06.21"]
[Round "?"]
[White "Storm_100"]
[Black "annaly1979"]
[Result "0-1"]
[WhiteElo "2443"]
[BlackElo "2400"]
[PlyCount "104"]
[EventDate "2021.??.??"]
[EventType "blitz"]

1. e4 e5 2. Nf3 d5 3. d3 dxe4 4. dxe4 Qxd1+ 5. Kxd1 Bg4 6. Be2 Bxf3 7. Bxf3 Nc6
8. c3 Bc5 9. Ke2 Nf6 10. Nd2 a6 11. Nc4 h6 12. Ne3 g6 13. Nd5 Nxd5 14. exd5 Nd8
15. Rd1 f5 16. g3 e4 17. Bg2 Bd6 18. f3 exf3+ 19. Bxf3 Kf7 20. Be3 Re8 21. Kf2
Kg7 22. Re1 Kh7 23. Bd4 Nf7 24. c4 b6 25. a3 a5 26. Rxe8 Rxe8 27. Rb1 Ng5 28.
b4 axb4 29. axb4 Ne4+ 30. Bxe4 Rxe4 31. c5 bxc5 32. Bxc5 Be5 33. Rd1 Rc4 34.
Rd2 g5 35. Re2 Bd4+ 36. Bxd4 Rxd4 37. Re7+ Kg6 38. Rxc7 Rxb4 39. d6 Rd4 40. d7
Kh5 41. h3 Rd3 42. Kg2 f4 43. gxf4 gxf4 44. Kf2 Kh4 45. Rc6 h5 46. Rc7 Kxh3 47.
Rc4 Kg4 48. Rc7 h4 49. Kg2 h3+ 50. Kh2 Rd2+ 51. Kh1 Kg3 52. d8=Q Rxd8 {Time
forfeit} 0-1

[Event "Rated Blitz game"]
[Site "?"]
[Date "2021.06.21"]
[Round "?"]
[White "UnholyCrusade"]
[Black "King_bg03"]
[Result "1-0"]
[WhiteElo "2630"]
[BlackElo "2484"]
[PlyCount "99"]
[EventDate "2021.??.??"]
[EventType "blitz"]

1. e4 e5 2. Nf3 d5 3. exd5 e4 4. Qe2 Nf6 5. Nc3 Be7 6. Nxe4 O-O 7. Nxf6+ Bxf6
8. d4 Re8 9. Be3 Qxd5 10. Qb5 Qxb5 11. Bxb5 c6 12. Bc4 Bg4 13. O-O-O Bxf3 14.
gxf3 Nd7 15. d5 Nb6 16. Bb3 Nxd5 17. Bxd5 cxd5 18. Rxd5 a6 19. a4 b5 20. a5
Rad8 21. Rhd1 Rxd5 22. Rxd5 Rd8 23. Rc5 g6 24. Rc6 Be5 25. Rxa6 Bxh2 26. Rb6 h5
27. a6 Ra8 28. Kd2 h4 29. Ke2 h3 30. f4 g5 31. fxg5 Bc7 32. Rh6 h2 33. a7 Kg7
34. Bd4+ f6 35. Bxf6+ Kf7 36. Bd4 Rg8 37. Kf3 Ke7 38. Kg4 Kd7 39. f4 Rf8 40. f5
Kc8 41. g6 Kb7 42. g7 Rd8 43. Bc5 Rg8 44. f6 Be5 45. Kf5 Bxf6 46. Kxf6 Rc8 47.
Bf8 Rc6+ 48. Kf7 Rxh6 49. g8=Q h1=Q 50. a8=Q+ {Time forfeit} 1-0